| 000 | 00418nam a22001697a 4500 | ||
|---|---|---|---|
| 003 | OSt | ||
| 005 | 20240405105014.0 | ||
| 008 | 171023b xxu||||| |||| 00| 0 eng d | ||
| 020 | _a978-0137179435 | ||
| 040 | _cSEROSOFT | ||
| 100 | _aADAM, E E | ||
| 245 |
_aPRODUCTION AND OPERATIONS MANAGEMENT _hENGLISH |
||
| 250 | _a5TH ED | ||
| 260 |
_aDELHI _bP H I _c2010 |
||
| 300 |
_a7TH ED _b729 PP |
||
| 942 |
_2ddc _c01 _e5TH ED |
||
| 999 |
_c40754 _d40754 |
||